| 000 | 01836cam a2200493 a 4500 | ||
|---|---|---|---|
| 999 |
_c8219 _d8219 |
||
| 001 | 13745416 | ||
| 003 | GZU | ||
| 005 | 20210517150655.0 | ||
| 008 | 041008s2004 sa a b 001 0 eng d | ||
| 010 | _a 2004448570 | ||
| 020 | _a1868882608 | ||
| 035 | _a(OCoLC)ocm56500495 | ||
| 040 |
_aOL$ _cOL$ _dDLC |
||
| 042 | _alccopycat | ||
| 043 | _af-sa--- | ||
| 050 | 0 | 0 |
_aPL8021.S6 _bSOU 2004 |
| 245 | 0 | 0 |
_aSouth Africa in the global imaginary / _cedited by Leon de Kock, Louise Bethlehem & Sonja Laden. |
| 246 | 3 | 0 | _aGlobal imaginary |
| 250 | _a1st ed. | ||
| 260 |
_aPretoria : _bUniversity of South Africa Press, _c2004. |
||
| 300 |
_avii, 298 p. : _bill. ; _c24 cm. |
||
| 440 | 0 | _aImagined South Africa | |
| 500 | _a"The volume ... derives from a special issue of the journal Poetics today carrying the same title ... "--Pref. | ||
| 500 | _a"Centre for African Renaissance Studies"--Back cover. | ||
| 500 | _a"Academic Publishers Brill"--Back cover. | ||
| 504 | _aIncludes bibliographical references (p. 272-277) and index. | ||
| 650 | 0 | _aAuthors, South African. | |
| 650 | 0 |
_aGroup identity _zSouth Africa. |
|
| 650 | 0 | _aGroup identity in literature. | |
| 650 | 0 | _aGroup identity in art. | |
| 650 | 0 | _aNational characteristics, African. | |
| 651 | 0 |
_aSouth Africa _xCultural policy. |
|
| 651 | 0 |
_aSouth Africa _xRace relations. |
|
| 651 | 0 |
_aSouth Africa _xSocial conditions. |
|
| 651 | 0 |
_aSouth Africa _xSocial life and customs. |
|
| 651 | 0 |
_aSouth Africa _xPolitics and government. |
|
| 700 | 1 |
_aDe Kock, Leon. _eeditor |
|
| 700 | 1 |
_aBethlehem, Louise. _eeditor |
|
| 700 | 1 |
_aLaden, Sonja. _eeditor |
|
| 730 | 0 | _aPoetics today. | |
| 906 |
_a7 _bcbc _ccopycat _d3 _encip _f20 _gy-gencatlg |
||
| 942 |
_2lcc _cBK _h8021.S6 _iSOU _kPL |
||